000
00274nam a2200121Ia 4500
008
190216s9999||||xx |||||||||||||| ||und||
100
_a
Bernardshaw
245
4
_a
The Apple Cart
260
_b
Orient Longman
_c
1963
300
_a
159p
650
_a
English Drama
942
_c
BK
999
_c
11680
_d
11680